[Event "Scandic Hotels CC"]
[Site "Stockholm"]
[Date "2000.08.01"]
[Round "4"]
[White "Tella, Jussi"]
[Black "Berg, Emanuel"]
[Result "1-0"]
[WhiteElo "2428"]
[BlackElo "2456"]
[Annotator "Tyomkin,D"]
[PlyCount "57"]
[EventDate "2000.07.29"]
[EventType "tourn"]
[EventRounds "9"]
[EventCountry "SWE"]
[EventCategory "10"]
[SourceTitle "CBM 079"]
[Source "ChessBase"]
[SourceDate "2000.11.21"]
[SourceVersion "1"]
[SourceVersionDate "2000.11.21"]
[SourceQuality "1"]

1. d4 f5 2. Nf3 Nf6 3. g3 g6 4. Bg2 Bg7 5. O-O O-O 6. c4 d6 7. Nc3 Qe8 8. d5
Na6 9. Rb1 c5 10. dxc6 bxc6 11. b4 Bd7 12. b5 {Another move, which was tried
in this position, is:} (12. a3) 12... Nc5 {12...cxb5 is the main line, and
black has good chances to equalize there:} (12... cxb5 {Tyomkin,D} 13. cxb5 Nc5
14. a4 Rc8 15. Nd4 Nfe4 16. Nxe4 Nxe4 17. Bb2 Qf7 18. e3 Qa2 $146 19. Nc6 Bxc6
20. Bxg7 Bxb5 21. axb5 Kxg7 22. Ra1 Qb2 23. Rxa7 Rf7 24. Qa1 $14 {1/2-1/2
Alterman,B-Zhang Zhong/Beijing 1997/CBM 61/[Tyomkin,D] (42)}) 13. Nd4 Nfe4 {
Following sac of exchange can not be recommended:} (13... cxb5 $6 14. Bxa8 Qxa8
15. Ndxb5 Rc8 16. Nd5 Nxd5 17. Qxd5+ Qxd5 18. cxd5 Rb8 19. Nc3 Rxb1 20. Nxb1
Bb5 21. Be3 $16 {1-0 Piket,J-Gurevich,M/Groningen 1992/CBM 34 (35)}) 14. Nxe4
Nxe4 {14...fxe4 looks a bit safer for black. The move in the game begins nice
tactical struggle.} (14... fxe4 15. bxc6 (15. Be3 Kh8 $2 (15... cxb5) (15...
Rc8) 16. Nxc6 Bxc6 17. Bxc5 dxc5 18. bxc6 Qxc6 19. Qc2 $16 {1-0 Fominyh,
A-Moskalenko,V/Budapest 1990/CBM 20 ext (36)}) 15... Bg4 {[%csl Re2][%cal
Gg7d4]} (15... Bxc6) 16. Be3 $6 (16. f3 $1) 16... Qc8 17. Nb3 Nxb3 18. Rxb3
Qxc6 19. Qb1 Qxc4 20. Qxe4 Qxe4 21. Bxe4 Rac8 {1/2-1/2 Koch,W-Krizsany,L/
Budapest 1992/CBM 30 ext (21)}) 15. bxc6 Bxc6 16. Ne6 Qc8 (16... Nc3 17. Nxg7
Qc8 18. Qd3 {-16...Qc8}) 17. Nxg7 {White should capture the bishop, which
costs more expensive here than the rook.} (17. Bxe4 $2 Bxe4 {[%csl Rb1]}) (17.
Nxf8 Nc3 18. Qc2 (18. Bxc6 Nxd1 19. Bxa8 Nc3 $17)) 17... Nc3 $6 $146 (17...
Kxg7 18. Bxe4 $6 {Of course, this way white can not expect to get any
advantage. Better was to keep light pieces in the game.} (18. f3 $5) 18... Bxe4
19. Bb2+ Kf7 20. Rc1 Rb8 $11 {1/2-1/2 Jelen,I-Eliet,N/Gent 1992/CBM 32 ext (41)
}) 18. Qd3 Bxg2 (18... Nxb1 19. Bxc6 Qxc6 20. Ne6 (20. Bh6 Rfc8 21. Rxb1 Qxc4
$14) 20... Rfc8 (20... Rf6 21. Nd4 Qe4 22. Bg5 $1) 21. Be3 Qxc4 22. Qxc4 Rxc4
23. Rxb1 Rc2 24. Rb7 $16) 19. Qxc3 Bxf1 20. Kxf1 Qc6 $4 {Here black had missed
big defensive chance.} (20... f4 {[%csl Rg7][%cal Gf8f6,Ge7e5]} 21. gxf4 ({
The point is:} 21. Bxf4 Qh3+ 22. Kg1 Rxf4 {[%cal Rh3c3]}) 21... Rf6 22. Bb2 Rb8
$1 {[%cal Gb8b2] and black has good chances to save.}) 21. f3 $18 Kf7 {Black
takes control over-e6 square limiting white knight, but the problem of black
is that there are still too many pieces on the board, and white is able to
create an attack on black king.} 22. Bh6 Rfc8 23. Qe3 {White gets decisive
attack on black king.} Qd7 (23... e5 24. c5 $1 {[%cal Ge3b3]} Qxc5 25. Qb3+ $18
{[%cal Gb3b7]}) {[%tqu "En","White has a decisive blow. Find it out.","","",
"b1b7","",10]} 24. Rb7 $1 {[%mdl 128]} Rc7 (24... Qxb7 25. Qe6+ Kf8 26. Nxf5+
Ke8 27. Nxd6+ $18) 25. Rxc7 Qxc7 26. Qe6+ Kf8 27. Nh5+ Ke8 28. Nf6+ Kd8 29.
Qg8# 1-0

[Event "Budapest FS06 GM"]
[Site "Budapest"]
[Date "1999.06.15"]
[Round "11"]
[White "Anastasian, Ashot"]
[Black "Hoang, Thanh Trang"]
[Result "0-1"]
[WhiteElo "2529"]
[BlackElo "2450"]
[Annotator "Tyomkin,D"]
[PlyCount "114"]
[EventDate "1999.06.??"]
[EventType "tourn"]
[EventRounds "10"]
[EventCountry "HUN"]
[EventCategory "9"]
[SourceTitle "CBM 072"]
[Source "ChessBase"]
[SourceDate "1999.10.01"]
[SourceVersion "1"]
[SourceVersionDate "1999.10.01"]
[SourceQuality "1"]

1. d4 f5 2. g3 g6 3. Bg2 Bg7 4. Nf3 Nf6 5. O-O O-O 6. c4 d6 7. Nc3 Qe8 8. d5 a5
9. Be3 Na6 {It's not easy to get some serious advantage for white in this line.
Normally white gets slightly better position,which ususally can be transformed
to balanced by accurate play of black.Even,such strong positional player as
Kramnik, didn't show the way to advantage in his few games he played in this
variation with white pieces.} 10. Qd2 (10. Qc1 Ng4 (10... e5 11. dxe6 Bxe6 12.
Nd4 c6 13. b3 Ng4 14. Nxe6 Qxe6 15. Bf4 Qf6 16. Bd2 Nc5 17. Qc2 $11 {1/2-1/2
Yakovich,Y-Lastin,A/Elista 1997/CBM 59 (47)}) 11. Bd4 (11. Bf4 Bd7 (11... Nc5
12. h3 e5 13. dxe6 Ne5 14. Nd5 Nxe6 15. Bh6 Qf7 16. Rd1 Bd7 17. Ng5 Bxh6 18.
Nxf7 Bxc1 19. Nxe5 dxe5 20. Raxc1 {1/2-1/2 Relange,E-Santo Roman,M/Narbonne
1997/CBM 61 (20)}) 12. Rd1 Nc5 13. h3 Nf6 14. Bh6 c6 15. Nd4 Rc8 16. dxc6 Bxc6
17. Bxg7 Kxg7 18. Nxc6 bxc6 $11 {1/2-1/2 Kramnik,V-Bareev,E/Novgorod 1997/CBM
60 (30)}) 11... Bh6 12. Qd1 c5 13. dxc6 bxc6 14. h3 Nf6 15. Na4 Ne4 16. Nb6 Rb8
17. Nxc8 Qxc8 18. b3 a4 19. Rb1 axb3 20. axb3 Nb4 21. e3 Bg7 $11 {1/2-1/2
Kramnik,V-Vyzmanavin,A/Moscow 1994/CBM 40 ext (45)}) (10. Rc1 Bd7 11. Re1 h6
12. Bd4 Qf7 13. e4 fxe4 14. Nxe4 Nxe4 15. Rxe4 Bxd4 16. Qxd4 Bf5 17. Re2 Rae8
18. Nh4 $14 {1/2-1/2 Kolbus,D-Hoang Than Trang/Budapest 1997/CBM 58 ext (24)})
10... Bd7 (10... Ng4 11. Bf4 Nc5 (11... e5 12. dxe6 Nc5 13. Ng5 h6 14. Nd5 hxg5
15. Nxc7 gxf4 16. Nxe8 $16 {0-1 Gyimesi,Z-Jakubiec,A/Kecskemet 1997/CBM 58 ext
(46)}) 12. h3 (12. Nd4 h6 (12... e5 $142) 13. h3 Ne5 14. Ncb5 $1 Qd8 15. Bxh6
Nxc4 16. Qc1 Ne5 17. Bxg7 $16 {1/2-1/2 Kelly,B-Santo Roman,M/Linares 1995/CBM
51/[Johnson,M] (27)}) 12... Nf6 13. Bh6 e5 14. dxe6 Nfe4 15. Nxe4 Nxe4 16. Qe3
Bxh6 17. Qxh6 Bxe6 $11 {1-0 Fominyh,A-Szabolcsi,J/Budapest 1992/CBM 30 ext (62)
}) 11. Rfe1 $146 (11. Bh6 Qf7 12. Bxg7 Qxg7 13. Nd4 Nc5 14. Rfe1 Rae8 15. e4
fxe4 16. Nxe4 Nfxe4 17. Bxe4 Kh8 18. Re3 e5 19. dxe6 Bxe6 20. Bxb7 Bxc4 21.
Rxe8 $11 {1/2-1/2 Krizsany,L-Hoang Thang Trang/FSGM June, Budapest HUN 1997 
(59)}) 11... Rb8 {[%csl Rb7][%cal Ge7e5] intending e7-e5.In that case,after
dxe6 Bxe6 Nd4,pawn-b7 is protected.} (11... e5 12. dxe6 Bxe6 13. Ng5 c6 (13...
Bxc4 14. Bxb7 Rb8 15. Qd4 Bb5 16. Bg2 Nb4 17. Nxb5 Qxb5 18. Qd2 $14) 14. Bf4
Rd8 (14... Bxc4 $2 15. Bxd6 Rd8 16. Qf4) 15. e4 $14) 12. Ba7 Rd8 13. Bd4 e5 14.
dxe6 Bxe6 15. b3 Nc5 16. Nb5 Nce4 17. Qxa5 (17. Qc2 Qe7 $11) 17... c5 18. Bxf6
(18. Nc7 Qe7 (18... Qf7 19. Be3 Ng4 20. Ng5 $1) 19. Bxf6 Bxf6 {-18.Bxf6}) 18...
Bxf6 19. Rad1 $2 (19. Nc7 Qe7 20. Rac1 Bc3 21. Rxc3 b6 22. Qxb6 Nxc3 23. Nd2 $1
{[%csl Ge4] White has 2 pawns for exchange and looks better in this position.})
19... Ra8 20. Qb6 Qb8 21. Rxd6 (21. Qc7 Rxa2 22. Qxb8 Rxb8 23. Nxd6 Bc3 $1 24.
Rf1 (24. Nxe4 fxe4 25. Ng5 Bxe1 26. Rxe1 Bf5 27. Bxe4 (27. Nxe4 Bxe4 28. Bxe4
Rb2 $17) 27... Bxe4 28. Nxe4 b6 $17) 24... Rxe2 25. Nxe4 fxe4 26. Ng5 Bf5 27.
g4 Bxg4 (27... h6 28. gxf5 hxg5 29. fxg6 Bd4 $15 {[%csl Rf2][%cal Gb8f8]}) 28.
Nxe4 Bd4 $1 29. Rxd4 $140 cxd4 30. Nf6+ Kg7 31. Nxg4 h5 {[%csl Rg4]}) (21. Nxd6
Ra6 22. Qxb7 Rxd6 23. Qxb8 Rxb8 24. Rxd6 Nxd6 $17) 21... Nxd6 22. Qxd6 Qxd6 23.
Nxd6 Rxa2 24. Nxb7 Be7 {[%csl Rb7] The knight is trapped on-b7 for a while .
White finds a way to save this knight,but not the game.} 25. Ne5 Ra7 26. Nd3
Rc8 27. Rd1 Rc7 28. Nf4 Bf7 29. Nd8 Rd7 30. Rxd7 Rxd7 31. Nxf7 Rd1+ 32. Bf1
Kxf7 {[%csl Rb3][%cal Gd1b1] White can not protect pawn-b3,but still there are
some drawing chances for white in this ending.} 33. h4 Rb1 34. e3 Bd6 35. Nh3
$2 {Of course,white has to keep the knight,but not this way.} (35. Nd5 Rxb3 $17
{[%csl Rf2][%cal Gd6e5,Ge5c3,Gc3e1,Yb3b2] The next plan of black is to attack
pawn f2,and black has large winning chances.}) 35... Kf6 36. f4 $2 (36. Kg2
$142 Rxb3 37. Ng5 h6 38. Nf3 Bc7 39. Ne1 Ba5 40. Nd3 Bb4 41. Nf4 Rb2 $17 {
[%csl Rf2][%cal Gg6g5]}) 36... Rxb3 37. Kf2 Bc7 $19 {[%csl Rh3] Nh3 stays out
of play,which facilitates blacks job in this ending.} 38. Kf3 Ba5 39. Nf2 Bd2
40. Nd3 Rc3 41. Ke2 Bc1 42. Nxc5 Bxe3 43. Nd3 Bd4 44. c5 Bxc5 45. Nxc5 Rxc5 46.
Bg2 Rc2+ 47. Kf1 Ke6 48. Bb7 Kd6 49. Ba8 Kc5 50. Bb7 Kd4 51. Ba8 Ke3 52. Bd5 h6
53. Kg1 Rd2 {This ending is winning for black even with the pawn on-h5 
(instead of h6).There decides the same break- g6-g5!In this ending everything
is much easier.} 54. Bc6 Rd6 55. Bb7 g5 $1 {[%mdl 4096]} 56. fxg5 hxg5 57. hxg5
Rg6 {and black wins g3-pawn,as well.} 0-1

[Event "San Francisco Mechanics"]
[Site "San Francisco"]
[Date "1998.07.11"]
[Round "2"]
[White "Christiansen, Larry Mark"]
[Black "Kobese, Watu"]
[Result "1-0"]
[WhiteElo "2575"]
[BlackElo "2330"]
[Annotator "Tyomkin,D"]
[PlyCount "51"]
[EventDate "1998.07.10"]
[EventType "tourn"]
[EventRounds "9"]
[EventCountry "USA"]
[EventCategory "10"]
[SourceTitle "CBM 066"]
[Source "ChessBase"]
[SourceDate "1998.09.30"]
[SourceVersion "1"]
[SourceVersionDate "1998.09.30"]
[SourceQuality "1"]

1. d4 f5 2. g3 Nf6 3. Bg2 g6 4. c3 Bg7 5. Qb3 Nc6 6. Nf3 (6. Nd2 {Tyomkin,D} d6
7. d5 $146 Ne5 8. Nh3 O-O 9. Nf3 (9. Nf4 $142 $14) 9... Nxf3+ 10. Bxf3 (10.
exf3 $5 e6 11. dxe6 Qe7 12. O-O Bxe6 13. Re1 (13. Qxb7 $2 Bc4 {[%cal Rf8b8]})
13... Bxb3 14. Rxe7 Rf7 15. Re1 {[%cal Gh3g5,Gf3f4]}) 10... e5 11. dxe6 Qe7 12.
Nf4 c6 {[%cal Gg6g5]} (12... g5 {Tyomkin,D} 13. Nd5 Nxd5 14. Bxd5 c6 15. Bxg5
Qxg5 16. e7+ cxd5 17. Qxd5+ Kh8 18. exf8=Q+ $13) 13. h4 Ng4 14. Bxg4 $6 {
Johannessen,L-Akesson,R/Anniversary 75th 1997/0-1(22)} (14. O-O $142) (14. e4
$6 Ne5 15. Bg2 fxe4 16. Bxe4 d5 $36)) 6... e6 7. c4 $146 (7. O-O O-O 8. c4 (8.
Nbd2 a5 9. a4 d5 10. Qc2 b6 11. b3 Ne4 12. Ba3 $14 {Sokolov,I-Malaniuk,V/
Moscow olm 1994/1-0(35)}) 8... Qe7 9. Nc3 d6 10. d5 Nd8 11. dxe6 c6 12. Qc2
Bxe6 13. b3 a6 14. Bb2 Nf7 $11 {Gostisa,L-Lutz,C/Graz zt 1993/1/2-1/2(33)})
7... O-O (7... Qe7 $142 $1 8. Nc3 (8. d5 $2 Qb4+) 8... d6) 8. d5 Nb8 9. O-O Na6
10. Nc3 d6 11. dxe6 Nc5 12. Qc2 Nxe6 $6 (12... Bxe6 13. b4 (13. Rd1 Qe7 $14 (
13... Bxc4 $140 14. Na4 $16 {[%cal Yd1d8]})) 13... Na6 14. Rb1 {[%cal Rf3d4]}
c5 (14... Bxc4 $2 15. Nd2 {[%csl Rb7]}) 15. bxc5 Nxc5 16. Rd1 $14) 13. Rd1 a5
14. b3 Qe8 15. e3 Ng4 16. Bb2 g5 $6 {Black doesn't care about how to develope
pieces,and starts an active play-the best way to get losing position!} 17. Nd5
Qf7 18. h3 Ne5 19. Nd4 Nc5 $2 {[%csl Rc7]} (19... Ng6 20. f4 $1 $16) (19...
Nxd4 20. Bxd4 Be6 21. f4 $16) 20. f4 $1 gxf4 21. exf4 Ng6 22. Nb5 Na6 23. Re1
$18 {[%cal Rd5b6,Rd5f6,Yg2d5] Black is hopeless.There is no way to finish
development in this game.} Kh8 24. a3 Rb8 25. Rad1 Qd7 26. Re3 (26. Re3 b6 27.
Rde1 {[%cal Ge3e7]}) 1-0

[Event "Recklinghausen"]
[Site "Recklinghausen"]
[Date "1998.07.26"]
[Round "2"]
[White "Alterman, Boris"]
[Black "Mainka, Romuald"]
[Result "1-0"]
[WhiteElo "2615"]
[BlackElo "2500"]
[Annotator "Tyomkin,D"]
[PlyCount "73"]
[EventDate "1998.07.25"]
[EventType "tourn"]
[EventRounds "9"]
[EventCountry "GER"]
[EventCategory "12"]
[SourceTitle "CBM 067"]
[Source "ChessBase"]
[SourceDate "1998.11.30"]
[SourceVersion "2"]
[SourceVersionDate "1998.11.01"]
[SourceQuality "1"]

1. d4 f5 2. Nf3 d6 3. g3 Nf6 4. Bg2 g6 5. c4 Bg7 6. O-O O-O 7. Nc3 Qe8 8. d5 a5
9. Rb1 Na6 10. b3 Bd7 (10... h6 {Tyomkin,D} 11. Nd4 $5 $146 g5 12. a3 Kh8 $6 (
12... Bd7 $5) (12... Qg6 $5) 13. e3 Qg6 14. Qc2 h5 $2 {Wrong play of black on
the kingside turning black's position to strategicaly lost} (14... Bd7 $142 $14
{[%cal Ga8c8,Gc7c6]}) 15. Bb2 h4 $2 16. gxh4 $16 {/+- Zifroni,D-Gershon,A/
Czerniak-mem Bikurei 1997/1-0(27)}) 11. Bb2 Nc5 (11... c6 12. Na4 (12. a3 Rc8 (
12... h6 13. Na4 Qd8 14. dxc6 Bxc6 (14... bxc6 15. c5 $1) 15. Nd4 Bxg2 16. Ne6
Qc8 17. Nxf8 Bxf1 18. Nxg6 Qe8 19. Bxf6 $16 {Vaulin,A-Potapov,A/Zepter Open,
Minsk BLR 1998/1/2-1/2 (62)}) 13. Na4 Qd8 14. dxc6 bxc6 15. c5 d5 16. Nb6 Rb8
17. b4 axb4 18. axb4 Nc7 19. Be5 Ng4 20. Bxg7 Kxg7 21. h3 Nf6 22. Ne5 $16 {
Van der Sterren,P-Glek,I/BL9697 1997/1-0 (51)}) 12... Qd8 13. Ng5 (13. dxc6
bxc6 14. c5 {1/2-1/2 Chernin,A-Vyzmanavin,A/Tilburg 1993}) 13... h6 14. Ne6
Bxe6 15. dxe6 Rb8 (15... Nc7 16. Bxf6 Rxf6 17. Nb6 Ra6 18. Nd7 Rxe6 19. Nc5 $1)
16. Bc3 b5 17. Nb2 Qb6 18. cxb5 cxb5 19. Bd4 Nc5 20. Nd3 b4 21. Nf4 Kh7 22. h4
$14 {Tunik,G-Potapov,A/Katowice op 1993/1-0 (122)}) (11... h6 12. Nd4 g5 13. e3
Qg6 14. a3 Rac8 $132 {[%cal Gc7c6] Chernin,A-Vyzmanavin,A/Tilburg rapid20 1993/
0-1 (59)}) 12. a3 c6 $5 $146 (12... e5 13. dxe6 Nxe6 14. Nd5 Qf7 15. e3 Ne4 16.
Bxg7 Qxg7 17. Nd2 N4c5 18. Qc2 $14 {Van der Sterren,P-Gershon,A/Antwerp op
1995/1-0(42)}) (12... h6 13. Nd4 Qf7 $146 {Kachiani Gersinska,K-Mainka,R/
Recklinghauser Schachtage 1998/0-1(63)-CBM67}) 13. b4 axb4 14. axb4 Na6 $2 (
14... Nce4 15. Nxe4 fxe4 (15... Nxe4 16. Bxg7 Kxg7 17. c5 $1) 16. Ng5 Bf5 $132)
15. dxc6 bxc6 16. c5 $5 (16. b5 Nc5 (16... cxb5 17. cxb5 Nc5 18. Nd4 Rb8 19.
Nc6 Rb6 20. Qc2 {[%cal Gb2a3]} Qf7 21. Ba3 $16) 17. Nd4 Nfe4 18. bxc6 Bxc6 19.
Nxc6 Qxc6 20. Nd5 $14) 16... dxc5 17. bxc5 Nxc5 18. Ne5 $44 {[%csl Rc6,Rd7]
[%cal Gd1c2,Yf1c1] White has very active position of pieces which promises
white initiative.} Qc8 (18... Rd8 19. Qc2 $36 {[%cal Gf1c1]}) 19. Qc2 Be8 $6 {
[%csl Rf8] It was good idea to think about development of rook-f8.} (19... Qc7
$142 20. f4 Rfd8 21. Rfc1 {[%cal Gc3b5]} Ra5 $1 {and position is equal about.})
20. Rfc1 Kh8 21. Nd1 Nce4 22. Nxc6 Qe6 (22... Bxc6 23. Qxc6 Qxc6 24. Rxc6 $14 {
[%cal Gc6c7]}) 23. Nd4 Qf7 24. Ne3 Ra2 25. Ra1 e5 $2 {leads to the tactical
struggle which is preferable for white.} (25... Ba4 26. Qb1 Rxa1 27. Qxa1 Bd7
28. Qa7 $36) (25... Rxa1 26. Rxa1 (26. Bxa1 Nxf2 27. Kxf2 Ng4+) 26... Nxf2 27.
Kxf2 Ng4+ 28. Nxg4 fxg4+ 29. Nf3 $11) 26. Nf3 $16 Nxf2 27. Nxe5 (27. Kxf2 Rxa1
28. Nxe5 (28. Rxa1 Ng4+) 28... Qe7 29. Rxa1 Ng4+ 30. N3xg4 fxg4+ 31. Nf3 gxf3
32. exf3 $16) 27... Qa7 28. Rxa2 Qxe3 29. Qc5 Qb3 $2 (29... Bh6 30. Qxe3 (30.
Kf1 Nd1 $1 {[%cal Rd1b2]} 31. Ba3 Ng4 $1 32. Ke1 $1 Nxh2 $1) 30... Bxe3 31. Rc8
N2g4+ (31... Nd1+ 32. Kf1 Nxb2 33. Rxb2 Bd4 34. Rb5 $1 Bxb5 35. Rxf8+ Kg7 36.
Rf7+ Kg8 37. Rxf6 $16) 32. Kf1 Nxh2+ 33. Ke1 $16 {[%cal Re5d7]}) 30. Qa3 Qb6
31. e3 $1 $18 {[%cal Gb2d4]} (31. Qa7 $6 Qb3 32. Kxf2 (32. Rc7 Qd1+ 33. Kxf2
Ng4+ 34. Nxg4 fxg4+ 35. Bf3 (35. Ke3 Qb3+ 36. Kd2 Bxb2) 35... Rxf3+ 36. exf3
Qd2+ $11) 32... Ng4+ 33. Nxg4 fxg4+ 34. Kg1 Bxb2 $132) 31... N2e4 32. Bd4 Qe6
33. Rb2 h5 34. Rb6 Qd5 35. Rc7 Bh6 36. Qe7 Kg8 {[%tqu "En","Find final move of
this game.","","","b6f6","",10]} 37. Rxf6 $1 {[%cal Rg2d5]} 1-0

[Event "Olympiad-33"]
[Site "Elista"]
[Date "1998.10.02"]
[Round "4.2"]
[White "Damljanovic, Branko"]
[Black "Onischuk, Alexander"]
[Result "0-1"]
[WhiteElo "2555"]
[BlackElo "2630"]
[Annotator "Tyomkin,D"]
[PlyCount "96"]
[EventDate "1998.09.29"]
[EventType "team-swiss"]
[EventRounds "13"]
[EventCountry "RUS"]
[SourceTitle "CBM 068"]
[Source "ChessBase"]
[SourceDate "1999.02.01"]
[SourceVersion "1"]
[SourceVersionDate "1999.02.01"]
[SourceQuality "1"]
[WhiteTeam "Yugoslavia"]
[BlackTeam "Ukraine"]
[WhiteTeamCountry "YUG"]
[BlackTeamCountry "UKR"]

1. Nf3 f5 2. g3 Nf6 3. Bg2 g6 4. b3 Bg7 5. Bb2 d6 6. d4 O-O 7. O-O Qe8 8. c4
Na6 9. Nbd2 Rb8 (9... Ng4 10. e4 f4 11. e5 fxg3 12. hxg3 dxe5 13. dxe5 h6 14.
Qe2 $14 {Hoeksema,H-Beim,V/Dieren 1998/EXT 99/1-0(33)}) (9... e5 10. dxe5 Nd7
11. Qc2 dxe5 12. Rfd1 Nb4 13. Qc3 $14 {- Arkell,K-Malaniuk,V/Hastings 1995/CBM
48 ext /1/2-1/2(51)}) 10. a3 {[%csl Yb4][%cal Gd1c2]} (10. d5 b5 (10... c5 $142
) 11. Nd4 bxc4 12. Nc6 $16 {Vaulin,A-Krizsany,L/Harkany 1993/EXT 97/1-0(62)}) (
10. Rc1 b5 11. d5 (11. c5 Bb7 12. a3 Bd5 13. b4 h6 14. cxd6 cxd6 15. Ne1 Bxg2
16. Nxg2 Nd5 $11 {[%cal Gd5b6] 0-1 Lerner,K-Mainka,R/Bad Woerishofen 1997/CBM
57 ext (55)}) 11... b4 12. Nd4 e5 13. dxe6 Bb7 14. Nb5 $6 Bxg2 15. Kxg2 Qxe6
16. Nxa7 c5 17. Nb5 d5 $36 {Vaulin,A-Makarov,M/Smolensk 1991/CBM 24/0-1 (57)})
(10. Re1 b5 11. Bc3 bxc4 12. bxc4 Bb7 13. Rb1 e6 14. e3 Ne4 15. Nxe4 Bxe4 $11 {
- Obukhov,A-Kramnik,V/Kuibishev 1990/CBM 21/1/2-1/2 (41)}) 10... b5 11. Qc2 c6
$146 (11... h6 12. Rae1 g5 13. b4 c6 14. c5 Nc7 15. Rc1 Bd7 16. Rfe1 $14 {
Ivanov,T-Daniliuk,S/Smolensk 1992/EXT 97/1/2-1/2 (42)}) 12. Rae1 bxc4 13. bxc4
c5 {[%mdl 16]} 14. Ba1 $6 (14. d5 {[%cal Ge2e4,Yb2a1]} f4 15. Ba1 (15. e4 fxe3
16. fxe3 {[%cal Ge3e4]} (16. Rxe3 $2 Rxb2 17. Qxb2 Nxd5 $17) 16... Bf5 $15 {
[%csl Rb2]} 17. e4 $140 Nxe4 (17... Rxb2 18. Qxb2 Nxe4 19. Qb7 $18) 18. Bxg7
Nxd2 (18... Nf6 $2 19. Bxf8 Bxc2 20. Bxe7 $18) 19. Qxd2 Kxg7)) 14... cxd4 {
[%csl Rc4][%cal Ga6c5] Black gets better pawn structure and outpost c5 for the
knight.} 15. Nxd4 Nc5 16. Nc6 Rb7 17. Nb4 Rb8 18. Nc6 Rb7 19. Nb4 Rb6 {White
wants to force a draw,but Onischuk decides to play for a win.There was 3-times
repetetion after Rb8.} 20. Bxf6 (20. Nb3 Qa4 21. Nxc5 Qxc2 22. Nxc2 dxc5 $15 {
[%cal Gc8e6]}) (20. Nd3 $5 $11) 20... Bxf6 21. Nd5 Rb8 22. Nxf6+ Rxf6 23. Rb1
Bd7 24. Qc3 Rf8 25. Qa5 a6 26. Bd5+ e6 27. Bf3 Qd8 28. Qc3 (28. Qxd8 $15 {
[%csl Gc5,Rd2]}) 28... Qc7 29. h4 Rxb1 30. Rxb1 Rb8 31. Rb4 Rf8 32. h5 gxh5 33.
Qe3 Qd8 $1 {[%csl Yg5,Yh4]} 34. Qd4 (34. Bxh5 e5 $15 {[%cal Gf5f4]} (34... Bc6
35. Bf3 $11) (34... Qf6 35. Rb6)) 34... Be8 35. Nb3 $2 (35. Qf4 $142 {[%cal
Gf4h6]} Bg6 (35... e5 36. Qh6 f4 (36... Qf6 $4 37. Bd5+ Kh8 38. Qxf6+ Rxf6 39.
Rb8 $18) 37. Bd5+ Bf7 38. Rb8 $1 Qxb8 39. Qg5+ Kh8 40. Qf6+ Kg8 41. Qg5+ $11)
36. Qh6 $132) 35... e5 $17 36. Bd5+ Kh8 37. Qb2 (37. Qd2 f4 (37... a5 38. Qh6
$1 {[%csl Rf8][%cal Gb3a5]}) 38. Nxc5 dxc5 39. Rb3 h4 $17) 37... Nd7 {The
extra pawn-h5 became the strong weapon against white king.After h5-h4 black
will totaly destroy the castle of white's king.} 38. Nd2 (38. Rb7 f4 39. Qc3
Qg5 $17 {[%csl Rg1][%cal Gh5h4] with attack.}) 38... h4 $19 39. c5 (39. Nf1 f4
$19) 39... hxg3 (39... Nxc5 $2 40. Rxh4) 40. c6 (40. fxg3 Nxc5 $19) 40... gxf2+
41. Kf1 Nf6 42. Rb8 Qa5 43. Bf3 Ne4 44. Qb4 Nxd2+ 45. Kxf2 Ne4+ 46. Bxe4 fxe4+
47. Ke3 Qd5 48. c7 Qf7 0-1

[Event "RUS-ch m3-4"]
[Site "Elista"]
[Date "1997.05.24"]
[Round "2.3"]
[White "Aseev, Konstantin N"]
[Black "Lastin, Alexander"]
[Result "0-1"]
[WhiteElo "2530"]
[BlackElo "2535"]
[Annotator "Tyomkin,D"]
[PlyCount "67"]
[EventDate "1997.04.19"]
[EventType "k.o."]
[EventRounds "6"]
[EventCountry "RUS"]
[SourceTitle "CBM 059"]
[Source "ChessBase"]
[SourceDate "1997.08.01"]
[SourceVersion "1"]
[SourceVersionDate "1997.08.01"]
[SourceQuality "1"]

1. d4 f5 2. c4 Nf6 3. Nf3 g6 4. g3 Bg7 5. Bg2 O-O 6. O-O d6 7. Nc3 Qe8 8. b3 e5
9. dxe5 dxe5 10. e4 Nc6 11. Ba3 Rf7 12. exf5 $6 {quite dangerous continuation
for white.Bg7 is entering strongly to the game.} (12. Re1 {is more popular
continuation}) 12... gxf5 $15 {[%cal Ye5e4]} (12... Bxf5 {Tyomkin,D} 13. Re1
Rd7 14. Qc1 Rad8 15. Nh4 $6 (15. Nxe5 $142 Nxe5 16. f4 $13) 15... e4 $15 16.
Nxf5 gxf5 17. Qg5 Qg6 18. Qxg6 hxg6 19. Rad1 Nd4 20. Bb2 c6 $15 {Temirbaev,
S-Beliavsky,A/URS-chT Azov 1991/0-1(36)}) 13. Re1 $146 (13. Ng5 $2 {Tyomkin,D}
Rd7 14. Nd5 e4 15. f3 $2 (15. Bb2 $4 Nxd5 {[%csl Rg5]}) (15. Rc1 $142 Ne5 $15 {
[%cal Gc7c6,Ge5d3]} (15... Nxd5 16. cxd5 Nd4 {[%csl Rd5]} 17. d6)) 15... e3 16.
Re1 h6 17. Nh3 Nxd5 18. cxd5 Bxa1 19. Qxa1 Rxd5 $17 {/-+ Torres,J-Akopian,V/
USA-op Los Angeles 1991/0-1(27)}) (13. Nd5 {Nikitin,A} e4 14. Re1 Rd7 15. Nh4
Nxd5 16. cxd5 Nd4 (16... Bxa1 17. Nxf5 $1) 17. d6 (17. f3 Nb5 $15) 17... cxd6
18. Bb2 $6 (18. Rc1 Nb5 19. Nxf5 Nxa3 20. Rxe4 $44) (18. Qd2 $5) 18... Nf3+ $1
(18... Ne6 $2 {Filippov,V-Kobalija,M/RUS-chJ Moscow 1995/1-0 (51)}) 19. Bxf3
Bxb2 20. Rb1 Be5 21. Nxf5 exf3 22. Qd5+ Kf8 23. Rbd1 Qg6 $15) 13... e4 14. Ng5
(14. Nh4 Rd7 15. Nd5 {-13.Nd5}) 14... Rd7 15. Qc1 Ne5 {[%cal Ye5d3] white got
worse position from the opening and sacrificed a knight hoping to achive some
initiative} 16. Ncxe4 $2 (16. Qc2 $142 $15) 16... fxe4 17. Nxe4 Qg6 $19 {
actually white is losing after the sacrifice and black is finishing a game by
exact playing} 18. Nxf6+ Bxf6 19. Be4 Qh5 20. Qf4 Bg7 21. Rab1 c6 {[%csl Yd5]
[%cal Gd7f7]} 22. Bb2 Rf7 23. Qd2 Ng4 24. f3 Nf6 (24... Bxb2 25. Rxb2 Nf6 $19)
25. g4 Qc5+ 26. Kg2 Qf8 27. Bc2 Bd7 28. Re2 c5 {[%cal Gd7c6]} 29. Qg5 Bc6 30.
Kg3 Kh8 31. Re3 Re8 {Finally black entered all his pieces to the game} 32. Rxe8
Qxe8 {[%cal Re8e2]} 33. Rf1 Qe7 {[%cal Rf6e4]} 34. Rf2 $2 $138 (34. Rf2 Ne4+)
0-1